MARC보기
LDR05227cmm u22005777i 4500
001000000340301
003EBZ
00520260127111552
006m d
007cr cnu|||unuuu
008240927s2024 nyu o 000 0 eng d
020 ▼a 9781438499512 ▼q (electronic bk.)
020 ▼a 1438499515 ▼q (electronic bk.)
020 ▼z 9781438499505
037 ▼a 22573/cats19733811 ▼b JSTOR
040 ▼a EBZ ▼b eng ▼c EBZ ▼d 248032
049 ▼a MAIN
050 4 ▼a B829.5 ▼b .P44294 2024eb
072 7 ▼a PHI ▼x 018000 ▼2 bisacsh
072 7 ▼a PHI ▼x 048000 ▼2 bisacsh
072 7 ▼a POL ▼x 044000 ▼2 bisacsh
072 7 ▼a NAT ▼x 011000 ▼2 bisacsh
08204 ▼a 142/.7 ▼2 23/eng/20240927
24500 ▼a Phenomenology and future generations : ▼b generativity, justice, and amor mundi / ▼c edited by Matthias Fritsch, Ferdinando G. Menga, and Rebecca van der Post.
260 ▼a [Albany] : ▼b State University of New York Press, ▼c 2024.
300 ▼a 1 online resource (273 pages).
336 ▼a text ▼b txt ▼2 rdacontent
337 ▼a computer ▼b c ▼2 rdamedia
338 ▼a online resource ▼b cr ▼2 rdacarrier
3410 ▼a textual ▼2 sapdv ▼3 EBSCOhost
4900 ▼a SUNY series in contemporary continental philosophy
5050 ▼a Intro -- Contents -- Acknowledgments -- Introduction: Why Phenomenology and Future Generations? -- Section 1: Generativity: The Future is Of Us and In Us -- Section 2: The Politics of Human Generations -- Section 3: Amor Mundi in Presentist Modernity -- Bibliography -- Section 1. Generativity: The Future Is of Us and in Us -- 1. Generativity and Ethics: A Phenomenological Approach -- Generativity -- Where Classical Approaches Falter: The Synchronic and Diachronic Dimensions -- Breaks within and between Generations -- Genetic and Generative Phenomenology -- Non-contemporaneity in the Present
5058 ▼a Incompleteness and the Call for Justice -- Notes -- Bibliography -- 2. Responding to the Claims of Those Who Shall Come After Us -- The Problematic Place of the Future -- Responding to What Happens to Us -- Delayed Responses -- The Inescapability of Responding -- Answering to the Claims of Future Generations -- The Generative Future -- The Near Future and the Distant Future -- Giving a Response, and Giving Time -- Notes -- Bibliography
5058 ▼a 3. Generativity, Generations, and Generative Intergenerational Solidarity: Untimely Reflections on the Way We Live After One Another, With One Another, and For One Another, in Its Unforeseeable Historicity -- The Polemical Understanding of Current Relations between the Generations -- From Generation to Human Generativity -- Human Generativity as Archetype for a Generational Relationship that Expresses Responsibility and Solidarity? -- Notes -- Bibliography -- Section 2. The Politics of Human Generations
5058 ▼a 4. Absences that Matter: Phenomenological Insights into (the Predicaments of ) Intergenerational Justice -- Future Generations and the Problem of Ethical Presentism -- Presentism and Moral Intuition -- Future Ethics in Light of a Phenomenology of Alterity -- Remarks on a Fruitful Reshaping of Intergenerational Ethics from a Phenomenological Perspective -- Concluding with Some Political-Phenomenological Remarks -- Notes -- Bibliography -- 5. How Can We Take Claims of Future Generations Seriously? Combining Different Perspectives in Our Action -- 1. -- 2. -- 3. -- Notes -- Bibliography
5058 ▼a 6. Jonasian Grounding of Future-Oriented Responsibility and the Idea of the Human -- Three Jonasian Conditions for Responsibility -- Responsibility towards the Idea of the Human -- Jonas's Grounding of Responsibility towards Future People -- Bibliography -- 7. "The Race of the Poor": Intergenerational Lessons from Anarchist Eugenics -- Pleasure -- The Race of the Poor -- Creation -- Politics against Biopolitics -- "Child! Obey no authority." -- Notes -- Bibliography -- Section 3. Amor Mundi in Presentist Modernity -- 8. Critical Theory, Natal Alienation, Future People -- Natal Alienation
520 ▼a Demonstrates the fertility of the phenomenological tradition of philosophy for intergenerational justice and climate ethics.
532 0 ▼3 EBSCOhost ▼a "EBSCO evaluates our products based on the Web Content Accessibility Guidelines (WCAG) and the related Section 508 and EN 301 549 regulations in the US and EU. Most EBSCO products are substantially conformant with WCAG 2.2 level AA." Source: https://connect.ebsco.com/s/article/EBSCO-VPATs?language=en_US. Last accessed April 22, 2025.
5880 ▼a Online resource; title from PDF title page (JSTOR, viewed September 26, 2024).
590 ▼a Added to collection customer.56279.3
650 0 ▼a Phenomenology.
650 0 ▼a Environmental ethics.
650 0 ▼a Intergenerational relations.
650 7 ▼a phenomenology. ▼2 aat
650 7 ▼a PHILOSOPHY / Movements / Phenomenology ▼2 bisacsh
7001 ▼a Fritsch, Matthias, ▼e editor.
7001 ▼a Menga, Ferdinando G., ▼e editor.
7001 ▼a Post, Rebecca van der, ▼e editor.
85640 ▼3 EBSCOhost ▼u https://search.ebscohost.com/login.aspx?direct=true&scope=site&db=nlebk&db=nlabk&AN=3867294
938 ▼b OCKB ▼z jstor.ebooks,14e16146-3a5c-4737-a6fe-44e4ed83c459-emi
938 ▼a EBSCOhost ▼b EBSC ▼n 3867294
990 ▼a 관리자